[Event "Duisburg Grossenbaum op"]
[Site "Duisburg"]
[Date "2006.06.03"]
[Round "2"]
[White "Van der Pas, Sven"]
[Black "Buchholz, Bernd"]
[Result "1-0"]
[WhiteElo "1849"]
[BlackElo "1426"]
[PlyCount "91"]
[EventDate "2006.06.02"]
[EventType "swiss"]
[EventRounds "7"]
[EventCountry "GER"]
[SourceTitle "EXT 2007"]
[Source "ChessBase"]
[SourceDate "2006.11.23"]
[SourceVersion "1"]
[SourceVersionDate "2006.11.23"]
[SourceQuality "1"]

1. c4 e5 2. Nc3 Nf6 3. g3 Bc5 4. Bg2 0-0 5. Nf3 Nc6 6. 0-0 d6 7. d3 h6 8. a3 a5 9. Rb1 Bf5 10. Ne1 Qd7 11. Nc2 Bh3 12. b4 Bxg2 13. Kxg2 axb4 14. axb4 Bb6 15. e4 Nd4 16. Ne3 Ne6 17. Ned5 Nxd5 18. Nxd5 Ra2 19. Bxh6 Bd4 20. Bd2 f5 21. exf5 Rxf5 22. Be3 Bxe3 23. Nxe3 Qc6+ 24. Nd5 Nd4 25. Ra1 Rxa1 26. Qxa1 Qd7 27. Qa8+ Rf8 28. Qxb7 Qf7 29. Ne3 Qf6 30. Qd5+ Kh8 31. f4 Qh6 32. Qe4 Nb3 33. fxe5 Rxf1 34. Nxf1 Nd2 35. Qh4 Nxf1 36. Qxh6+ gxh6 37. Kxf1 dxe5 38. Kf2 Kg7 39. Kf3 Kf6 40. Ke4 Ke6 41. h3 h5 42. g4 hxg4 43. hxg4 c6 44. b5 cxb5 45. cxb5 Kd6 46. g5 1-0

[Event "Duisburg Grossenbaum op"]
[Site "Duisburg"]
[Date "2004.05.29"]
[Round "2"]
[White "Van der Pas, Sven"]
[Black "Grunwald, Guenther"]
[Result "1-0"]
[WhiteElo "1886"]
[BlackElo "1620"]
[PlyCount "71"]
[EventDate "2004.05.28"]
[EventType "swiss"]
[EventRounds "7"]
[EventCountry "GER"]
[SourceTitle "EXT 2006"]
[Source "ChessBase"]
[SourceDate "2005.11.24"]
[SourceVersion "1"]
[SourceVersionDate "2005.11.24"]
[SourceQuality "1"]

1. c4 e5 2. Nc3 Nf6 3. Nf3 Nc6 4. g3 Bb4 5. Bg2 0-0 6. 0-0 Re8 7. Ne1 Bxc3 8. bxc3 e4 9. d3 d5 10. cxd5 Qxd5 11. Nc2 Qd8 12. Ne3 Bd7 13. Qc2 exd3 14. exd3 Rb8 15. d4 Ne7 16. Ba3 b6 17. Rfe1 Qc8 18. Nc4 Qa6 19. Bxe7 Qxc4 20. Qb3 Qxb3 21. axb3 a5 22. c4 Kh8 23. d5 Ng8 24. Bg5 h6 25. Bf4 Rbc8 26. Rxe8 Rxe8 27. Bxc7 a4 28. bxa4 Rc8 29. Bxb6 Rxc4 30. a5 Bc8 31. a6 Bxa6 32. Rxa6 Rc1+ 33. Bf1 Rd1 34. Ra7 Rxd5 35. Rxf7 Rd6 36. Bc5 1-0

[Event "Duisburg Grossenbaum op"]
[Site "Duisburg"]
[Date "2004.05.29"]
[Round "3"]
[White "Van der Pas, Sven"]
[Black "Klotter, Stefan"]
[Result "0-1"]
[WhiteElo "1886"]
[BlackElo "2116"]
[PlyCount "118"]
[EventDate "2004.05.28"]
[EventType "swiss"]
[EventRounds "7"]
[EventCountry "GER"]
[SourceTitle "EXT 2006"]
[Source "ChessBase"]
[SourceDate "2005.11.24"]
[SourceVersion "1"]
[SourceVersionDate "2005.11.24"]
[SourceQuality "1"]

1. c4 Nf6 2. Nc3 d5 3. cxd5 Nxd5 4. g3 g6 5. Bg2 Nxc3 6. bxc3 Bg7 7. Nf3 Nd7 8. 0-0 0-0 9. Qc2 Nb6 10. d4 c6 11. Re1 Be6 12. e4 f6 13. Be3 Bf7 14. Nd2 e5 15. Rad1 Qc7 16. f3 Qc8 17. Nb3 Nc4 18. Bf2 b6 19. Bf1 Rd8 20. Nc1 Bf8 21. Nd3 Qc7 22. Kg2 Rd7 23. Kg1 Be6 24. Be2 Rad8 25. f4 Bg7 26. Qa4 Bf7 27. Bg4 Rd6 28. Be2 h5 29. Qc2 R6d7 30. Bf3 Rd6 31. Kg2 Qe7 32. Kg1 R6d7 33. Qa4 Rd6 34. Qc2 Qb7 35. Kg2 Qa6 36. Nc1 Qa3 37. Nd3 Qa5 38. a4 Qa6 39. Nb4 Qb7 40. Nd3 Qd7 41. Kg1 Na5 42. Rb1 Bc4 43. Be2 Qe6 44. Nc1 Qf7 45. Kg2 Be6 46. Kg1 Qc7 47. Kg2 R6d7 48. Kg1 exf4 49. gxf4 Qxf4 50. Bg3 Qg5 51. Kh1 Bh6 52. Rf1 Qd2 53. Qxd2 Bxd2 54. Rxf6 Bf7 55. e5 Bd5+ 56. Kg1 Be4 57. Bd3 Bxd3 58. Nxd3 Bxc3 59. Rxg6+ Kh7 0-1

[Event "Bahn-chG"]
[Site "Bad Laasphe"]
[Date "1994.10.15"]
[Round "7"]
[White "Liebig, Stefan"]
[Black "Van der Pas, Sven"]
[Result "1/2-1/2"]
[WhiteElo "1995"]
[BlackElo "1880"]
[PlyCount "28"]
[EventDate "1994.10.09"]
[EventType "swiss"]
[EventRounds "7"]
[EventCountry "GER"]
[SourceTitle "EXT 1999"]
[Source "ChessBase"]
[SourceDate "1998.11.16"]
[SourceVersion "1"]
[SourceVersionDate "1998.11.16"]
[SourceQuality "1"]

1. e4 c6 2. d4 d5 3. Nc3 dxe4 4. Nxe4 Bf5 5. Ng3 Bg6 6. Nf3 Qc7 7. Ne5 Nd7 8. Nxg6 hxg6 9. Qf3 Ngf6 10. Bc4 e6 11. Bf4 Bd6 12. Bxd6 Qxd6 13. 0-0-0 0-0-0 14. h3 Rh4 1/2-1/2

[Event "Bahn-chG"]
[Site "Bad Laasphe"]
[Date "1994.10.14"]
[Round "6"]
[White "Van der Pas, Sven"]
[Black "Jankowski, Richard"]
[Result "0-1"]
[WhiteElo "1880"]
[BlackElo "1980"]
[PlyCount "82"]
[EventDate "1994.10.09"]
[EventType "swiss"]
[EventRounds "7"]
[EventCountry "GER"]
[SourceTitle "EXT 1999"]
[Source "ChessBase"]
[SourceDate "1998.11.16"]
[SourceVersion "1"]
[SourceVersionDate "1998.11.16"]
[SourceQuality "1"]

1. e4 c5 2. Nc3 a6 3. g3 e5 4. Bg2 Nf6 5. d3 d6 6. Bg5 Be7 7. Bxf6 Bxf6 8. Nd5 0-0 9. Ne2 Be6 10. Ne3 Nc6 11. 0-0 Qd7 12. Nc3 b5 13. Ncd5 Bd8 14. c3 Rb8 15. f4 exf4 16. Nxf4 b4 17. Nxe6 Qxe6 18. Nf5 g6 19. d4 cxd4 20. cxd4 Qd7 21. d5 Ne5 22. Nd4 Rc8 23. Kh1 Nc4 24. Qe2 a5 25. Nc6 Ne5 26. Nxe5 dxe5 27. Rac1 Bb6 28. Qf3 Bd4 29. Rxc8 Rxc8 30. Qb3 Rc7 31. Qf3 Bxb2 32. g4 Bd4 33. g5 Rc3 34. Qf6 Qc7 35. Bf3 Rc1 36. Bd1 Bc5 37. Qa6 Be7 38. Qa8+ Kg7 39. Qe8 Bxg5 40. Qb5 Bf4 41. Qe8 Qc4 0-1